000 00555nam a2200193Ia 4500
003 GCL
008 140319s9999 xx 000 0 ara d
040 _aGCL /
_cGCL
082 0 4 _a811.9
_bا ش
100 1 _aاحمد شوقى
245 1 0 _aالشوقيات (هدية الاديب عبدالفتاح الجمل) /
_cاحمد شوقى
300 _a2 جزء
490 _aكتاب
_v0
650 0 4 _aالشعر العربى
650 0 4 _aالادب العربى
650 0 4 _aالعصر الحديث
650 0 4 _aاحمد شوقى
942 _2ddc
_cBK
999 _c40869
_d40869